<?xml version="1.0" encoding="UTF-8"?><?xml-stylesheet type="text/xsl" href="static/style.xsl"?><OAI-PMH xmlns="http://www.openarchives.org/OAI/2.0/" xmlns:xsi="http://www.w3.org/2001/XMLSchema-instance" xsi:schemaLocation="http://www.openarchives.org/OAI/2.0/ http://www.openarchives.org/OAI/2.0/OAI-PMH.xsd"><responseDate>2026-04-17T10:16:00Z</responseDate><request verb="GetRecord" identifier="oai:www.recercat.cat:2099.1/12417" metadataPrefix="marc">https://recercat.cat/oai/request</request><GetRecord><record><header><identifier>oai:recercat.cat:2099.1/12417</identifier><datestamp>2025-07-23T01:35:38Z</datestamp><setSpec>com_2072_1033</setSpec><setSpec>col_2072_452951</setSpec></header><metadata><record xmlns="http://www.loc.gov/MARC21/slim" xmlns:dcterms="http://purl.org/dc/terms/" xmlns:xsi="http://www.w3.org/2001/XMLSchema-instance" xmlns:doc="http://www.lyncode.com/xoai" xsi:schemaLocation="http://www.loc.gov/MARC21/slim http://www.loc.gov/standards/marcxml/schema/MARC21slim.xsd">
   <leader>00925njm 22002777a 4500</leader>
   <datafield ind2=" " ind1=" " tag="042">
      <subfield code="a">dc</subfield>
   </datafield>
   <datafield ind2=" " ind1=" " tag="720">
      <subfield code="a">Garcia Q. del Campo, Albert</subfield>
      <subfield code="e">author</subfield>
   </datafield>
   <datafield ind2=" " ind1=" " tag="260">
      <subfield code="c">2011-02-18</subfield>
   </datafield>
   <datafield ind2=" " ind1=" " tag="520">
      <subfield code="a">En la segona meitat del segle XX el cotxe es va consolidar com a mode principal en els desplaçaments de curta i mitjana distància i l’avió es va esdevenir pràcticament hegemònic en els desplaçaments de llarga distància. El ferrocarril, que havia tingut el seu màxim esplendor a finals del segle XIX i en la primera meitat del segle XX, passava per dècades de decadència i abandonament, ja que la major part de les inversions anaven destinades a la xarxa viària i, especialment, a les autopistes.&#xd;
 &#xd;
Les estacions no quedaven al marge d’aquest context de decadència ferroviària. De manera progressiva s’eliminava el personal de les petites estacions, concentrant el control del trànsit ferroviari a les principals estacions. Pel que fa a les grans estacions, la seva degradació i falta de manteniment redundava en una pitjor qualitat de servei. A més, la clausura de grans extensions de tallers ferroviaris i estacions de mercaderies, traslladats als afores de la ciutat, afavoria un abandonament de la zona, amb la conseqüent pèrdua de qualitat urbana en els barris situats en les immediacions de l’estació.&#xd;
 &#xd;
L’alta velocitat ha representat un salt qualitatiu en la importància del ferrocarril en el transport de viatgers. Les estacions no s’han quedat al marge d’aquesta revolució, i han experimentat operacions de millora i ampliació per adaptar-les al seu nou rol com a node de la xarxa d’altes prestacions. L’alta velocitat ha fet pujar al tren molts viatgers que anteriorment es decantaven per l’avió, per la qual cosa l’estació torna a recuperar protagonisme com a porta d’entrada a les ciutats, i pren funcions diverses més enllà de ser un simple punt d’accés a la xarxa ferroviària.&#xd;
 &#xd;
La present tesina se centra en analitzar les actuacions realitzades a les estacions arran de l’arribada del tren d’alta velocitat, i també estudia els motius que porten a la construcció de noves estacions, ja sigui dins de la ciutat com fora de la trama urbana.</subfield>
   </datafield>
   <datafield tag="653" ind2=" " ind1=" ">
      <subfield code="a">Àrees temàtiques de la UPC::Enginyeria civil</subfield>
   </datafield>
   <datafield tag="653" ind2=" " ind1=" ">
      <subfield code="a">Àrees temàtiques de la UPC::Enginyeria civil::Infraestructures i modelització dels transports::Infraestructures i transport ferroviari</subfield>
   </datafield>
   <datafield tag="653" ind2=" " ind1=" ">
      <subfield code="a">High speed trains</subfield>
   </datafield>
   <datafield tag="653" ind2=" " ind1=" ">
      <subfield code="a">Railroad stations</subfield>
   </datafield>
   <datafield tag="653" ind2=" " ind1=" ">
      <subfield code="a">Land use Planning</subfield>
   </datafield>
   <datafield tag="653" ind2=" " ind1=" ">
      <subfield code="a">Alta velocitat</subfield>
   </datafield>
   <datafield tag="653" ind2=" " ind1=" ">
      <subfield code="a">Trens d'alta velocitat</subfield>
   </datafield>
   <datafield tag="653" ind2=" " ind1=" ">
      <subfield code="a">Estacions de ferrocarrils</subfield>
   </datafield>
   <datafield tag="653" ind2=" " ind1=" ">
      <subfield code="a">Ordenació del territori</subfield>
   </datafield>
   <datafield ind2="0" ind1="0" tag="245">
      <subfield code="a">Impacte de l'alta velocitat en la modernització o construcció d'estacions</subfield>
   </datafield>
</record></metadata></record></GetRecord></OAI-PMH>